| 000 | 00574nam a2200169 a 4500 | ||
|---|---|---|---|
| 008 | 090319s2002 ||||||||||||||||| || u | ||
| 020 | _a1877258288 | ||
| 050 | _aBC 108 Gir | ||
| 100 | _aGirle, Roderie A | ||
| 245 | 1 | 0 |
_aIntroduction to logic _cby Roderic A. Girle |
| 260 |
_aAuckland, NZ _bPearson _c2002 |
||
| 300 | _avi, 533p.: ill | ||
| 350 | _a0.00 | ||
| 650 | _aPHILOSOPHY | ||
| 650 | _aLOGIC | ||
| 995 |
_D0.00 _FCBU-MAIN LIBRARY (Kitwe) _H1 _I0.00 _M1 _UAVAILABLE _WApr 23, 2009 _ZMain Library Open Access Collection |
||
| 999 |
_c47830 _d47830 |
||